Normal view
MARC view
- Swearingen, Lee
Entry Personal Name
001 - CONTROL NUMBER
- control field: 101373
003 - CONTROL NUMBER IDENTIFIER
- control field: NUST
005 - DATE AND TIME OF LATEST TRANSACTION
- control field: 20221025154012.0
008 - FIXED-LENGTH DATA ELEMENTS
- fixed length control field: 221025|| aca||aabn | a|a d
040 ## - CATALOGING SOURCE
- Original cataloging agency: NUST
- Transcribing agency: NUST
100 ## - HEADING--PERSONAL NAME
- Personal name: Swearingen, Lee
670 ## - SOURCE DATA FOUND
- Source citation: Work cat.: (NUST)180018: Swearingen, Lee., Macromedia director design guide /, c1994.
